Sobre la necesaria transformación de las relaciones de poder para la construcción de otro mundo posible: un diálogo con Marcos 10, 32-45 /

Guardat en:
Dades bibliogràfiques
Autor principal: Adames Núñez, Digna María
Format: Text
Etiquetes: Afegir etiqueta
Sense etiquetes, Sigues el primer a etiquetar aquest registre!

MARC

LEADER 00000 a a2200000 04500
001 11853
003
040
100 |a Adames Núñez, Digna María  
245 |a Sobre la necesaria transformación de las relaciones de poder para la construcción de otro mundo posible:   |b un diálogo con Marcos 10, 32-45 /  |c Digna María Adames Núñez 
773 |g número 133; páginas 36-43  
999 |c 33258  |d 33258